000 00768cam a22002533a 4500
001 2703
003 PGUSA
005 20140828083020.0
008 060525s2006||||xxu|||||s|||||000 1 eng d
040 _aPGUSA
_beng
042 _adc
050 4 _aPS
100 1 _aHarte, Bret,
_d1836-1902
245 1 4 _aThe Argonauts of North Liberty
_h[electronic resource] /
_cBret Harte
260 _bProject Gutenberg,
_c2006
506 _aPublic domain in the USA.
516 _aElectronic text
653 _aFrontier and pioneer life -- California -- Fiction
653 _aCalifornia -- History -- 1846-1850 -- Fiction
653 _aAmerican fiction -- 19th century
830 0 _aProject Gutenberg
_v2703
856 4 0 _uhttp://www.gutenberg.org/ebooks/2703
942 _cEB
999 _c232036
_d232036